000 01116nam a2200229Ia 4500
003 Ost
005 20260416102400.0
008 260416s9999||||xx |||||||||||||| ||und||
040 _cfsecg
041 _aara
082 _a350
100 _aبوقليع، محمد
_eمؤلف
245 0 _aمحاضرات في مقياس مدخل إدارة الأعمال :
_bمطبوعة مقدمة لطلبة الليسانس السنة الأولى ل م د /
_c محمد بوقليع
260 _aالجزائر
_bجامعة الجزائر3: كلية العلوم الإقتصادية، العلوم التجارية وعلوم التسيير
_c2022
300 _a135 ورقة
_bايضاحات
_c12 سم
504 _aالمراجع ص.132
520 _aالأصول العام في علم الادارة،تطور الفكر الاداري،وظائف الادارة.
653 _aادارة الاعمال
653 _aالادارة
710 _aجامعة الجزائر3: كلية العلوم الإقتصادية، العلوم التجارية وعلوم التسيير
_eناشر علمي
942 _cHANDOUT
999 _c41398
_d41398